Practical business math procedures : bussiness math handbook and study guide

Saved in:
Bibliographic Details
Main Author Slater, Jeffrey, 1947- (Author)
Format Book
LanguageEnglish
Published Boston : Irwin, c2000
Edition6th ed.
Subjects
ISBN0072331526
Physical Description107 s. + 1 CD-ROM

Cover

LEADER 00000cam a22000007a 4500
001 25455
003 CZ-ZlUTB
005 20190825234850.0
008 050727s2000 xxu|||||r|||||||||||eng|d
020 |a 0072331526  |q (brož.) 
040 |a PND008  |b cze  |c PND008  |d ZLD002 
072 7 |a 33  |x Ekonomie  |2 Konspekt  |9 4 
080 |a 330.4  |2 MRF 
080 |a 336:51-7  |2 MRF 
080 |a 657  |2 MRF 
100 1 |a Slater, Jeffrey,  |d 1947-  |7 xx0034842  |4 aut 
245 1 0 |a Practical business math procedures :  |b bussiness math handbook and study guide /  |c Jeffrey Slater 
250 |a 6th ed. 
260 |a Boston :  |b Irwin,  |c c2000 
300 |a 107 s. +  |e 1 CD-ROM 
650 0 7 |a finanční matematika  |7 ph120239  |2 czenas 
650 0 7 |a hospodářské výpočty  |7 ph120830  |2 czenas 
650 0 7 |a ekonomie  |7 ph114430  |x úlohy  |2 czenas 
655 7 |a sbírky úloh  |7 fd132056  |2 czenas 
910 |a ZLD002 
952 |0 0  |1 0  |4 0  |6 3301SLATERJ  |7 0  |8 BOOK  |9 49651  |a UTBZL  |b UTBZL  |c 006  |d 2006-07-29  |h + CD  |l 1  |o 330.1/SLATER,J.  |p 420010085322  |r 2019-08-25 00:00:00  |v 15.00  |w 2019-08-25  |x N:nákup | 20100831  |y 04 
992 |a BK  |b SK  |d 1 
999 |c 25455  |d 25455